000 00689cam a2200229 i 4500
003 OSt
005 20260702114309.0
008 190909s2017 stka b 001 0 eng
020 _a9780323834827
_q(paperback)
020 _z9780323834834
_q(eISBN)
040 _aKABLIB
_beng
_erda
_cKABLIB
082 0 0 _a618.2
_223
_bMAY
245 0 0 _aMayes' midwifery /
_c Sue Macdonald, Gail Johnson (editors)
250 _a16 ed.
264 1 _aNew York :
_bElsevier,
_cc2024
300 _axviii,1514 p. ;
_bill,col,
_c24 cm
504 _a includes references, indexes
650 0 _aMidwifery.
700 1 _aMacdonald, Sue
_eeditor.
_915871
700 1 _aJohnson, Gail
_eeditor.
_915872
942 _2ddc
_cBOOK
999 _c6243
_d6243